| 000 -LEADER |
| fixed length control field |
00357nam a22001337a 4500 |
| 020 ## - INTERNATIONAL STANDARD BOOK NUMBER |
| International Standard Book Number |
9789350025789 |
| 082 ## - DEWEY DECIMAL CLASSIFICATION NUMBER |
| Classification number |
T41x54 K113b |
| 100 ## - MAIN ENTRY--PERSONAL NAME |
| Personal name |
Kamal Nayan Kabra |
| 9 (RLIN) |
3437 |
| 245 ## - TITLE STATEMENT |
| Title |
Black economy in India |
| Statement of responsibility, etc |
Kabra, Kamal Nayan |
| 260 ## - PUBLICATION, DISTRIBUTION, ETC. (IMPRINT) |
| Place of publication, distribution, etc |
Delhi |
| Name of publisher, distributor, etc |
Aakar Books |
| Date of publication, distribution, etc |
2019 |
| 300 ## - PHYSICAL DESCRIPTION |
| Extent |
286p. |
| 650 ## - SUBJECT ADDED ENTRY--TOPICAL TERM |
| Topical term or geographic name as entry element |
Black market -- India |
| 9 (RLIN) |
3505 |
| 650 ## - SUBJECT ADDED ENTRY--TOPICAL TERM |
| Topical term or geographic name as entry element |
Black market |
| 9 (RLIN) |
3506 |